El razonamiento en las resoluciones judiciales

Detalles Bibliográficos
Autor principal: Igartua Salaverra̕, Juan
Formato: eBook
Lenguaje:español
Publicado: Lima : Palestra Editores, 2009
Materias:
Acceso en línea:http://www.vlex.com/source/11062

MARC

LEADER 00000nam a22000007a 4500
005 20130426123119.0
007 cr|||| ||||
008 130426e2009 pe |||||s|||| 00||0 spa d
020 |a 978-9972-224-82-9 
035 |a 11062 
040 |a vLex 
090 |c 4193  |d 4193 
100 1 0 |a Igartua Salaverra̕, Juan 
245 1 3 |a El razonamiento en las resoluciones judiciales  |c / Juan Igartua Salaverra̕  |h [Recurso electrn̤ico] 
256 |a Servicio en ln̕ea 
260 |a Lima :  |b Palestra Editores,   |c 2009 
300 |a 1 Recurso electrn̤ico 
506 |d vLex Global  |d vLex Global (Academic Edition, excluding Law Schools)  |d vLex Global (U.S. Academic Edition, Law Schools)  |d vLex Global (U.S. Academic Edition, excluding Law Schools)  |d vLex Global (Academic Edition, Law Schools) 
650 0 4 |a Derecho procesal 
740 |a vLex Libros (Servicio en ln̕ea) 
856 |a Acceso restringido  |u http://www.vlex.com/source/11062 
942 |c BOOK 
999 0 |a Procedure